000 00244nam a2200085Ia 4500
245 0 _aHow to succeed in exams & assessments
100 _a McMILLAN, Kathleen Harlow, 2009
_986331
942 _cBK
008 210817s9999 xx 000 0 und d
999 _c329394
_d329393